| 000 | 00373 a2200133 4500 | ||
|---|---|---|---|
| 020 | _a1885305095 | ||
| 020 | _a9781885305091 | ||
| 050 |
_aBV2853.B9 _bE43 1994 |
||
| 100 |
_aDowdy, Homer. _91274 |
||
| 245 |
_aChrist's witch- doctor / _cHomer Dowdy |
||
| 260 |
_aGresham, Oregon : _bVision House Publishing, _cc1994. |
||
| 300 |
_avi, 241 p. ; _c21 cm. _bill. |
||
| 942 |
_2lcc _cBK _n0 |
||
| 999 |
_c570 _d570 |
||